[Event "DEM U16 2023"]
[Site "Willingen GER"]
[Date "2023.05.28"]
[Round "2"]
[White "Bashirov, Kemal"]
[Black "Englert, Luca"]
[Result "1-0"]
[Termination "normal"]
[Board "2"]
[WhiteElo "2197"]
[BlackElo "2109"]
[WhiteClock "00:26:52"]
[BlackClock "00:04:42"]
[PlyCount "129"]
[WhiteFideId "14183650"]
[BlackFideId "16293088"]
[EventCountry "GER"]
[EventRounds "9"]
[EventType "swiss"]
[EventDate "2023.05.27"]

1. e4 {[%clk 01:30:58]} {[%emt 00:00:02]} c5 {[%clk 01:30:55]} {[%emt
00:00:03]} 2. Nf3 {[%clk 01:31:26]} d6 {[%clk 01:31:20]} {[%emt 00:00:09]} 3.
d4 {[%clk 01:31:53]} cxd4 {[%clk 01:31:46]} {[%emt 00:00:08]} 4. Nxd4 {[%clk
01:32:20]} {[%emt 00:00:02]} Nf6 {[%clk 01:32:10]} {[%emt 00:00:05]} 5. Nc3
{[%clk 01:32:47]} a6 {[%clk 01:32:35]} {[%emt 00:00:08]} 6. Bc4 {[%clk
01:33:15]} e6 {[%clk 01:33:01]} {[%emt 00:00:08]} 7. Bb3 {[%clk 01:33:42]} Be7
{[%clk 01:33:26]} {[%emt 00:00:07]} 8. O-O {[%clk 01:33:55]} O-O {[%clk
01:33:51]} {[%emt 00:00:21]} 9. Be3 {[%clk 01:32:03]} b5 {[%clk 01:31:24]}
{[%emt 00:05:19]} 10. f3 {[%clk 01:30:29]} b4 {[%clk 01:24:08]} {[%emt
00:09:51]} 11. Na4 {[%clk 01:30:25]} Bd7 {[%clk 01:20:23]} {[%emt 00:04:49]}
12. c3 {[%clk 01:24:23]} Bxa4 {[%clk 01:14:08]} {[%emt 00:13:17]} 13. Bxa4
{[%clk 01:24:49]} bxc3 {[%clk 01:14:08]} 14. bxc3 {[%clk 01:24:49]} Qc7 {[%clk
01:14:17]} {[%emt 00:00:57]} 15. Qd3 {[%clk 01:15:25]} Rc8 {[%clk 01:13:23]}
{[%emt 00:11:46]} 16. Rfc1 {[%clk 01:09:52]} Nfd7 {[%clk 01:08:25]} {[%emt
00:11:31]} 17. Qe2 {[%clk 01:05:19]} Nb6 {[%clk 01:01:04]} {[%emt 00:12:53]}
18. Bb3 {[%clk 01:03:36]} N8d7 {[%clk 00:57:53]} {[%emt 00:05:55]} 19. f4
{[%clk 00:54:04]} Nc4 {[%clk 00:47:08]} {[%emt 00:21:16]} 20. Bf2 {[%clk
00:47:25]} Ndb6 {[%clk 00:46:34]} {[%emt 00:08:14]} 21. Qg4 {[%clk 00:41:57]}
Bf6 {[%clk 00:38:52]} {[%emt 00:14:11]} 22. Kh1 {[%clk 00:38:18]} Kh8 {[%clk
00:32:29]} {[%emt 00:11:02]} 23. Qh3 {[%clk 00:30:07]} Nd2 {[%clk 00:19:10]}
{[%emt 00:22:30]} 24. Qd3 {[%clk 00:29:48]} Ndc4 {[%clk 00:17:07]} {[%emt
00:03:22]} 25. Qh3 {[%clk 00:29:16]} e5 {[%clk 00:14:59]} {[%emt 00:03:39]} 26.
Ne2 {[%clk 00:25:32]} Qe7 {[%clk 00:06:41]} {[%emt 00:13:02]} 27. f5 {[%clk
00:23:29]} Bg5 {[%clk 00:05:22]} {[%emt 00:04:21]} 28. Rd1 {[%clk 00:22:56]}
Rab8 {[%clk 00:05:14]} {[%emt 00:01:43]} 29. Rg1 {[%clk 00:14:01]} Nd2 {[%clk
00:03:56]} {[%emt 00:11:11]} 30. Bxb6 {[%clk 00:11:36]} Nxb3 {[%clk 00:03:56]}
31. axb3 {[%clk 00:11:36]} Rxb6 {[%clk 00:01:58]} {[%emt 00:07:41]} 32. b4
{[%clk 00:10:35]} f6 {[%clk 00:02:02]} {[%emt 00:00:40]} 33. Qd3 {[%clk
00:10:28]} Qb7 {[%clk 00:01:54]} {[%emt 00:01:14]} 34. Ra5 {[%clk 00:07:02]}
Qc6 {[%clk 00:00:40]} {[%emt 00:05:41]} 35. Rga1 {[%clk 00:03:06]} Qc4 {[%clk
00:00:40]} 36. Qxc4 {[%clk 00:03:06]} Rxc4 {[%clk 00:00:40]} 37. Rxa6 {[%clk
00:03:06]} Rxa6 {[%clk 00:00:40]} 38. Rxa6 {[%clk 00:03:06]} h5 {[%clk
00:00:40]} 39. h4 {[%clk 00:03:06]} Be3 {[%clk 00:00:40]} 40. g3 {[%clk
00:03:06]} Rxe4 {[%clk 00:00:40]} 41. Kg2 {[%clk 00:03:06]} Bd2 {[%clk
00:00:40]} 42. Kf3 {[%clk 00:03:06]} Rc4 {[%clk 00:16:34]} {[%emt 00:27:42]}
43. b5 {[%clk 00:31:01]} e4+ {[%clk 00:08:31]} {[%emt 00:09:28]} 44. Kg2 {[%clk
00:26:37]} Rc5 {[%clk 00:04:42]} {[%emt 00:09:12]} 45. Rxd6 {[%clk 00:26:52]}
Bxc3 {[%clk 00:04:42]} 46. Rc6 {[%clk 00:26:52]} Bb4 {[%clk 00:04:42]} 47. Rxc5
{[%clk 00:26:52]} Bxc5 {[%clk 00:04:42]} 48. Nc3 {[%clk 00:26:52]} e3 {[%clk
00:04:42]} 49. Kf3 {[%clk 00:26:52]} g6 {[%clk 00:04:42]} 50. fxg6 {[%clk
00:26:52]} Kg7 {[%clk 00:04:42]} 51. Nd5 {[%clk 00:26:52]} Kxg6 {[%clk
00:04:42]} 52. b6 {[%clk 00:26:52]} Kf5 {[%clk 00:04:42]} 53. b7 {[%clk
00:26:52]} Bd6 {[%clk 00:04:42]} 54. Ne7+ {[%clk 00:26:52]} Ke6 {[%clk
00:04:42]} 55. Nc6 {[%clk 00:26:52]} e2 {[%clk 00:04:42]} 56. Kxe2 {[%clk
00:26:52]} Bxg3 {[%clk 00:04:42]} 57. b8=Q {[%clk 00:26:52]} Bxb8 {[%clk
00:04:42]} 58. Nxb8 {[%clk 00:26:52]} Kd6 {[%clk 00:04:42]} 59. Kf3 {[%clk
00:26:52]} Ke5 {[%clk 00:04:42]} 60. Nc6+ {[%clk 00:26:52]} Kd5 {[%clk
00:04:42]} 61. Ne7+ {[%clk 00:26:52]} Ke6 {[%clk 00:04:42]} 62. Ng6 {[%clk
00:26:52]} Kf5 {[%clk 00:04:42]} 63. Nf4 {[%clk 00:26:52]} Ke5 {[%clk
00:04:42]} 64. Nxh5 {[%clk 00:26:52]} f5 {[%clk 00:04:42]} 65. Nf4 {[%clk
00:26:52]} 1-0

[Event "DEM U16 2023"]
[Site "Willingen GER"]
[Date "2023.05.28"]
[Round "2"]
[White "Guo, Philipp Ziming"]
[Black "Heinrich, John"]
[Result "0-1"]
[Termination "normal"]
[Board "3"]
[WhiteElo "1941"]
[BlackElo "2150"]
[WhiteClock "00:00:56"]
[BlackClock "00:02:33"]
[PlyCount "68"]
[WhiteFideId "16245199"]
[BlackFideId "16259491"]
[EventCountry "GER"]
[EventRounds "9"]
[EventType "swiss"]
[EventDate "2023.05.27"]

1. e4 {[%clk 01:30:54]} {[%emt 00:00:04]} c5 {[%clk 01:30:49]} {[%emt
00:00:11]} 2. Nf3 {[%clk 01:31:14]} {[%emt 00:00:08]} d6 {[%clk 01:31:16]}
{[%emt 00:00:06]} 3. d4 {[%clk 01:31:31]} {[%emt 00:00:13]} cxd4 {[%clk
01:31:33]} {[%emt 00:00:13]} 4. Nxd4 {[%clk 01:31:51]} {[%emt 00:00:09]} Nf6
{[%clk 01:31:58]} {[%emt 00:00:05]} 5. Nc3 {[%clk 01:32:09]} {[%emt 00:00:12]}
a6 {[%clk 01:32:24]} {[%emt 00:00:05]} 6. Bg5 {[%clk 01:32:10]} {[%emt
00:00:28]} Nbd7 {[%clk 01:32:49]} {[%emt 00:00:06]} 7. Qe2 {[%clk 01:32:27]}
{[%emt 00:00:13]} h6 {[%clk 01:31:20]} {[%emt 00:02:00]} 8. Bh4 {[%clk
01:32:34]} {[%emt 00:00:22]} b5 {[%clk 01:30:34]} {[%emt 00:01:17]} 9. O-O-O
{[%clk 01:26:35]} {[%emt 00:06:28]} Bb7 {[%clk 01:29:24]} {[%emt 00:01:41]} 10.
Bxf6 {[%clk 01:15:49]} {[%emt 00:11:17]} Nxf6 {[%clk 01:24:19]} {[%emt
00:05:34]} 11. e5 {[%clk 01:10:15]} {[%emt 00:06:03]} dxe5 {[%clk 01:24:33]}
{[%emt 00:00:17]} 12. Ndxb5 {[%clk 00:51:08]} {[%emt 00:19:37]} Nd7 {[%clk
01:06:40]} {[%emt 00:18:23]} 13. Na3 {[%clk 00:34:06]} {[%emt 00:17:32]} Rc8
{[%clk 00:42:47]} {[%emt 00:24:23]} 14. f4 {[%clk 00:28:01]} {[%emt 00:06:34]}
e6 {[%clk 00:27:37]} {[%emt 00:15:40]} 15. Nc4 {[%clk 00:28:09]} {[%emt
00:00:23]} exf4 {[%clk 00:27:25]} {[%emt 00:00:43]} 16. Ne5 {[%clk 00:25:53]}
{[%emt 00:02:45]} f3 {[%clk 00:24:06]} {[%emt 00:03:50]} 17. Nxf3 {[%clk
00:21:20]} {[%emt 00:05:02]} Rxc3 {[%clk 00:17:49]} {[%emt 00:06:47]} 18. bxc3
{[%clk 00:21:23]} {[%emt 00:00:28]} Ba3+ {[%clk 00:17:30]} {[%emt 00:00:49]}
19. Kd2 {[%clk 00:21:48]} {[%emt 00:00:04]} Nc5+ {[%clk 00:14:45]} {[%emt
00:03:15]} 20. Ke1 {[%clk 00:20:53]} {[%emt 00:01:25]} Qa5 {[%clk 00:14:54]}
{[%emt 00:00:20]} 21. Qc4 {[%clk 00:13:35]} {[%emt 00:07:48]} Bd5 {[%clk
00:13:01]} {[%emt 00:02:23]} 22. Rxd5 {[%clk 00:11:23]} {[%emt 00:02:43]} exd5
{[%clk 00:13:25]} {[%emt 00:00:05]} 23. Qxd5 {[%clk 00:11:44]} {[%emt
00:00:09]} Qxc3+ {[%clk 00:12:44]} {[%emt 00:01:11]} 24. Qd2 {[%clk 00:07:30]}
{[%emt 00:04:43]} Qa1+ {[%clk 00:12:28]} {[%emt 00:00:46]} 25. Qd1 {[%clk
00:07:52]} {[%emt 00:00:09]} Bb4+ {[%clk 00:12:46]} {[%emt 00:00:12]} 26. Ke2
{[%clk 00:08:04]} {[%emt 00:00:17]} Qxa2 {[%clk 00:11:43]} {[%emt 00:01:34]}
27. g3 {[%clk 00:07:31]} {[%emt 00:01:02]} Ne4 {[%clk 00:08:20]} {[%emt
00:03:53]} 28. Ke3 {[%clk 00:02:24]} {[%emt 00:05:38]} Qe6 {[%clk 00:07:08]}
{[%emt 00:01:41]} 29. Bh3 {[%clk 00:02:25]} {[%emt 00:00:30]} Bc5+ {[%clk
00:06:56]} {[%emt 00:00:42]} 30. Nd4 {[%clk 00:02:22]} {[%emt 00:00:33]} Qe7
{[%clk 00:04:30]} {[%emt 00:02:55]} 31. Kf3 {[%clk 00:01:49]} {[%emt 00:01:04]}
Bxd4 {[%clk 00:02:48]} {[%emt 00:02:13]} 32. Bd7+ {[%clk 00:00:49]} {[%emt
00:01:29]} Qxd7 {[%clk 00:02:32]} {[%emt 00:00:47]} 33. Kxe4 {[%clk 00:00:56]}
{[%emt 00:00:21]} Bf6 {[%clk 00:02:33]} {[%emt 00:00:29]} 34. Kd4 {[%emt
00:00:09]} Qd8+ {[%emt 00:00:04]} 0-1

[Event "DEM U16 2023"]
[Site "Willingen GER"]
[Date "2023.05.28"]
[Round "2"]
[White "Honisch, Alexander"]
[Black "Fuhrmann, Bahne"]
[Result "1/2-1/2"]
[Termination "normal"]
[Board "4"]
[WhiteElo "2057"]
[BlackElo "2066"]
[WhiteClock "00:05:19"]
[BlackClock "00:28:56"]
[PlyCount "66"]
[WhiteFideId "16298594"]
[BlackFideId "16244842"]
[EventCountry "GER"]
[EventRounds "9"]
[EventType "swiss"]
[EventDate "2023.05.27"]

1. e4 {[%clk 01:30:29]} {[%emt 00:00:30]} e5 {[%clk 01:30:55]} {[%emt
00:00:06]} 2. Nf3 {[%clk 01:30:45]} {[%emt 00:00:14]} Nc6 {[%clk 01:31:22]}
{[%emt 00:00:03]} 3. Bb5 {[%clk 01:30:41]} {[%emt 00:00:34]} a6 {[%clk
01:31:48]} {[%emt 00:00:05]} 4. Ba4 {[%clk 01:31:06]} {[%emt 00:00:04]} Nf6
{[%clk 01:32:14]} {[%emt 00:00:03]} 5. O-O {[%clk 01:31:00]} {[%emt 00:00:37]}
Nxe4 {[%clk 01:32:40]} {[%emt 00:00:04]} 6. d4 {[%clk 01:30:50]} {[%emt
00:00:40]} Be7 {[%clk 01:33:05]} {[%emt 00:00:05]} 7. Qe2 {[%clk 01:29:00]}
{[%emt 00:02:21]} b5 {[%clk 01:30:39]} {[%emt 00:02:55]} 8. Bb3 {[%clk
01:28:15]} {[%emt 00:01:15]} d5 {[%clk 01:31:03]} {[%emt 00:00:07]} 9. dxe5
{[%clk 01:28:21]} {[%emt 00:00:24]} Na5 {[%clk 01:30:36]} {[%emt 00:00:56]} 10.
Rd1 {[%clk 01:26:12]} {[%emt 00:02:39]} Bb7 {[%clk 01:26:10]} {[%emt 00:04:57]}
11. Nbd2 {[%clk 01:18:42]} {[%emt 00:07:59]} Nc5 {[%clk 01:19:19]} {[%emt
00:07:23]} 12. Nf1 {[%clk 01:12:09]} {[%emt 00:07:03]} O-O {[%clk 01:09:36]}
{[%emt 00:10:12]} 13. Ne3 {[%clk 01:05:17]} {[%emt 00:07:22]} Naxb3 {[%clk
01:08:53]} {[%emt 00:01:13]} 14. axb3 {[%clk 01:03:44]} {[%emt 00:02:03]} Ne6
{[%clk 01:07:12]} {[%emt 00:02:12]} 15. c3 {[%clk 00:58:38]} {[%emt 00:05:35]}
Re8 {[%clk 01:02:20]} {[%emt 00:05:22]} 16. b4 {[%clk 00:56:45]} {[%emt
00:02:23]} f6 {[%clk 00:59:30]} {[%emt 00:03:20]} 17. Nf5 {[%clk 00:37:18]}
{[%emt 00:19:57]} fxe5 {[%clk 00:58:31]} {[%emt 00:01:29]} 18. Nxe7+ {[%clk
00:37:01]} {[%emt 00:00:48]} Qxe7 {[%clk 00:51:40]} {[%emt 00:07:21]} 19. Qxe5
{[%clk 00:35:52]} {[%emt 00:01:38]} d4 {[%clk 00:43:57]} {[%emt 00:08:13]} 20.
Nxd4 {[%clk 00:27:46]} {[%emt 00:08:36]} Nxd4 {[%clk 00:43:57]} {[%emt
00:00:31]} 21. Qxe7 {[%clk 00:27:10]} {[%emt 00:01:06]} Nf3+ {[%clk 00:44:20]}
{[%emt 00:00:07]} 22. gxf3 {[%clk 00:27:35]} {[%emt 00:00:05]} Rxe7 {[%clk
00:44:46]} {[%emt 00:00:05]} 23. Be3 {[%clk 00:26:07]} {[%emt 00:01:57]} Bxf3
{[%clk 00:44:39]} {[%emt 00:00:36]} 24. Rd4 {[%clk 00:26:23]} {[%emt 00:00:14]}
c6 {[%clk 00:41:26]} {[%emt 00:03:44]} 25. h3 {[%clk 00:24:29]} {[%emt
00:02:24]} Re6 {[%clk 00:40:11]} {[%emt 00:01:46]} 26. Kh2 {[%clk 00:24:18]}
{[%emt 00:00:41]} Rg6 {[%clk 00:39:54]} {[%emt 00:00:47]} 27. Rg1 {[%clk
00:23:54]} {[%emt 00:00:55]} Rxg1 {[%clk 00:40:17]} {[%emt 00:00:07]} 28. Kxg1
{[%clk 00:24:21]} {[%emt 00:00:02]} Bd5 {[%clk 00:40:41]} {[%emt 00:00:05]} 29.
Rf4 {[%clk 00:22:55]} {[%emt 00:01:56]} a5 {[%clk 00:40:21]} {[%emt 00:00:50]}
30. bxa5 {[%clk 00:23:16]} {[%emt 00:00:10]} Rxa5 {[%clk 00:40:41]} {[%emt
00:00:10]} 31. Kh2 {[%clk 00:21:40]} {[%emt 00:02:05]} Ra1 {[%clk 00:40:31]}
{[%emt 00:00:41]} 32. h4 {[%clk 00:09:00]} {[%emt 00:13:11]} h6 {[%clk
00:38:04]} {[%emt 00:02:56]} 33. Bd4 {[%clk 00:05:19]} {[%emt 00:04:11]} Rh1+
{[%clk 00:28:56]} {[%emt 00:09:38]} 1/2-1/2

[Event "DEM U16 2023"]
[Site "Willingen GER"]
[Date "2023.05.28"]
[Round "2"]
[White "Zhou, Lepu Coco"]
[Black "Sidletskyi, Ivan"]
[Result "0-1"]
[Termination "normal"]
[Board "5"]
[BlackTitle "CM"]
[WhiteElo "2001"]
[BlackElo "2152"]
[WhiteClock "00:28:34"]
[BlackClock "00:05:48"]
[PlyCount "152"]
[WhiteFideId "16217136"]
[BlackFideId "14156024"]
[EventCountry "GER"]
[EventRounds "9"]
[EventType "swiss"]
[EventDate "2023.05.27"]

1. e4 {[%clk 01:30:57]} {[%emt 00:00:02]} e6 {[%clk 01:28:57]} {[%emt
00:02:04]} 2. d4 {[%clk 01:31:22]} {[%emt 00:00:05]} d5 {[%clk 01:29:24]}
{[%emt 00:00:04]} 3. e5 {[%clk 01:31:44]} {[%emt 00:00:07]} c5 {[%clk
01:28:38]} {[%emt 00:01:17]} 4. c3 {[%clk 01:32:08]} {[%emt 00:00:06]} Nc6
{[%clk 01:29:01]} {[%emt 00:00:06]} 5. Nf3 {[%clk 01:32:16]} {[%emt 00:00:22]}
Bd7 {[%clk 01:28:03]} {[%emt 00:01:29]} 6. Be2 {[%clk 01:32:09]} {[%emt
00:00:38]} Nge7 {[%clk 01:27:04]} {[%emt 00:01:28]} 7. Na3 {[%clk 01:32:21]}
{[%emt 00:00:19]} cxd4 {[%clk 01:26:19]} {[%emt 00:01:14]} 8. cxd4 {[%clk
01:32:45]} {[%emt 00:00:06]} Nf5 {[%clk 01:26:29]} {[%emt 00:00:20]} 9. Nc2
{[%clk 01:33:01]} {[%emt 00:00:13]} Qb6 {[%clk 01:24:31]} {[%emt 00:02:30]} 10.
O-O {[%clk 01:33:20]} {[%emt 00:00:11]} Rc8 {[%clk 01:24:39]} {[%emt 00:00:23]}
11. Bd3 {[%clk 01:31:23]} {[%emt 00:02:25]} Nb4 {[%clk 01:16:40]} {[%emt
00:08:30]} 12. Nxb4 {[%clk 01:27:42]} {[%emt 00:04:10]} Bxb4 {[%clk 01:17:03]}
{[%emt 00:00:07]} 13. Bxf5 {[%clk 01:21:07]} {[%emt 00:07:05]} exf5 {[%clk
01:17:11]} {[%emt 00:00:22]} 14. Qb3 {[%clk 01:21:17]} {[%emt 00:00:20]} O-O
{[%clk 01:10:51]} {[%emt 00:06:50]} 15. Be3 {[%clk 01:15:25]} {[%emt 00:06:21]}
Rc4 {[%clk 01:06:50]} {[%emt 00:04:32]} 16. Rfc1 {[%clk 01:08:02]} {[%emt
00:07:51]} Rfc8 {[%clk 01:01:31]} {[%emt 00:05:50]} 17. Qd1 {[%clk 01:06:37]}
{[%emt 00:01:55]} Qa6 {[%clk 00:52:34]} {[%emt 00:09:28]} 18. a3 {[%clk
01:04:25]} {[%emt 00:02:42]} Be7 {[%clk 00:45:46]} {[%emt 00:07:17]} 19. Nd2
{[%clk 01:02:19]} {[%emt 00:02:36]} R4c7 {[%clk 00:41:28]} {[%emt 00:04:48]}
20. Rxc7 Rxc7 {[%clk 00:41:56]} 21. Rc1 {[%clk 00:58:16]} {[%emt 00:00:26]} Ba4
{[%clk 00:38:17]} {[%emt 00:04:10]} 22. b3 {[%clk 00:54:57]} {[%emt 00:03:49]}
Rxc1 {[%clk 00:37:08]} {[%emt 00:01:40]} 23. Qxc1 {[%clk 00:55:18]} {[%emt
00:00:08]} Bc6 {[%clk 00:36:39]} {[%emt 00:00:59]} 24. b4 {[%clk 00:52:30]}
{[%emt 00:03:18]} Qd3 {[%clk 00:36:16]} {[%emt 00:00:54]} 25. Nf3 {[%clk
00:52:07]} {[%emt 00:00:52]} h6 {[%clk 00:30:58]} {[%emt 00:05:48]} 26. h3
{[%clk 00:51:22]} {[%emt 00:01:15]} Kh7 {[%clk 00:26:02]} {[%emt 00:05:26]} 27.
Ne1 {[%clk 00:41:36]} {[%emt 00:10:15]} Qb3 {[%clk 00:21:43]} {[%emt 00:04:50]}
28. Bd2 {[%clk 00:37:51]} {[%emt 00:04:15]} Kg8 {[%clk 00:20:09]} {[%emt
00:02:05]} 29. Nc2 {[%clk 00:36:20]} {[%emt 00:02:00]} Qd3 {[%clk 00:17:55]}
{[%emt 00:02:45]} 30. Be3 {[%clk 00:33:38]} {[%emt 00:03:11]} Bb5 {[%clk
00:16:05]} {[%emt 00:02:21]} 31. Kh2 {[%clk 00:30:29]} {[%emt 00:03:38]} Bc4
{[%clk 00:15:47]} {[%emt 00:00:48]} 32. Ne1 {[%clk 00:30:13]} {[%emt 00:00:47]}
Qf1 {[%clk 00:08:14]} {[%emt 00:08:02]} 33. Qb1 {[%clk 00:26:35]} {[%emt
00:04:08]} f4 {[%clk 00:04:25]} {[%emt 00:04:18]} 34. Bxf4 {[%clk 00:26:56]}
{[%emt 00:00:10]} Qxf2 {[%clk 00:04:51]} {[%emt 00:00:05]} 35. Bg3 {[%clk
00:27:06]} {[%emt 00:00:18]} Qf1 {[%clk 00:04:47]} {[%emt 00:00:36]} 36. Qc2
{[%clk 00:25:52]} {[%emt 00:01:43]} b5 {[%clk 00:01:23]} {[%emt 00:03:54]} 37.
Bf2 {[%clk 00:22:55]} {[%emt 00:03:28]} Bg5 {[%clk 00:00:57]} {[%emt 00:00:56]}
38. Qf5 {[%clk 00:22:30]} {[%emt 00:00:54]} g6 {[%clk 00:00:53]} {[%emt
00:00:35]} 39. Qc8+ {[%clk 00:20:05]} {[%emt 00:02:54]} Kg7 {[%clk 00:01:12]}
{[%emt 00:00:10]} 40. Bg3 {[%clk 00:20:05]} {[%emt 00:00:30]} Qf5 {[%clk
00:00:36]} {[%emt 00:01:07]} 41. Qb7 {[%clk 00:12:31]} {[%emt 00:08:04]} Be3
{[%clk 00:18:19]} {[%emt 00:12:47]} 42. Nf3 {[%clk 00:42:10]} {[%emt 00:00:51]}
Be2 {[%clk 00:17:33]} {[%emt 00:01:17]} 43. Qxd5 {[%clk 00:38:29]} {[%emt
00:04:10]} Bxf3 {[%clk 00:17:45]} {[%emt 00:00:18]} 44. Qxf3 {[%clk 00:37:42]}
{[%emt 00:01:17]} Qxf3 {[%clk 00:16:54]} {[%emt 00:01:22]} 45. gxf3 {[%clk
00:38:07]} {[%emt 00:00:05]} Bxd4 {[%clk 00:17:19]} {[%emt 00:00:04]} 46. f4
{[%clk 00:37:50]} {[%emt 00:00:47]} Bb2 {[%clk 00:17:05]} {[%emt 00:00:44]} 47.
Be1 {[%clk 00:37:48]} {[%emt 00:00:32]} g5 {[%clk 00:14:04]} {[%emt 00:03:32]}
48. Kg3 {[%clk 00:37:40]} {[%emt 00:00:37]} Kg6 {[%clk 00:14:26]} {[%emt
00:00:09]} 49. Kg4 {[%clk 00:36:14]} {[%emt 00:01:55]} h5+ {[%clk 00:14:20]}
{[%emt 00:00:36]} 50. Kf3 {[%clk 00:36:37]} {[%emt 00:00:08]} Kf5 {[%clk
00:13:20]} {[%emt 00:01:29]} 51. fxg5 {[%clk 00:36:21]} {[%emt 00:00:45]} Kxe5
{[%clk 00:13:08]} {[%emt 00:00:43]} 52. Kg3 {[%clk 00:35:36]} {[%emt 00:01:16]}
Kf5 {[%clk 00:12:59]} {[%emt 00:00:38]} 53. Kh4 {[%clk 00:35:59]} {[%emt
00:00:06]} Kg6 {[%clk 00:13:26]} {[%emt 00:00:04]} 54. Bd2 {[%clk 00:36:13]}
{[%emt 00:00:16]} Bxa3 {[%clk 00:13:49]} {[%emt 00:00:06]} 55. Kg3 {[%clk
00:36:37]} {[%emt 00:00:06]} Bb2 {[%clk 00:13:36]} {[%emt 00:00:44]} 56. Kf4
{[%clk 00:36:51]} {[%emt 00:00:16]} Bd4 {[%clk 00:13:26]} {[%emt 00:00:40]} 57.
Ke4 {[%clk 00:36:27]} {[%emt 00:00:53]} Bf2 {[%clk 00:13:28]} {[%emt 00:00:28]}
58. Kd5 {[%clk 00:36:42]} {[%emt 00:00:16]} Bh4 {[%clk 00:13:18]} {[%emt
00:00:40]} 59. Be3 {[%clk 00:36:03]} {[%emt 00:01:08]} a6 {[%clk 00:12:54]}
{[%emt 00:00:54]} 60. Kc6 {[%clk 00:36:16]} {[%emt 00:00:18]} Bxg5 {[%clk
00:13:18]} {[%emt 00:00:05]} 61. Bc5 {[%clk 00:36:33]} {[%emt 00:00:13]} Bd8
{[%clk 00:11:37]} {[%emt 00:02:12]} 62. Kb7 {[%clk 00:35:15]} {[%emt 00:01:48]}
a5 {[%clk 00:11:30]} {[%emt 00:00:37]} 63. bxa5 {[%clk 00:35:36]} {[%emt
00:00:10]} Bxa5 {[%clk 00:11:50]} {[%emt 00:00:09]} 64. Ka6 {[%clk 00:36:02]}
{[%emt 00:00:03]} Bd2 {[%clk 00:06:00]} {[%emt 00:06:21]} 65. Kxb5 {[%clk
00:36:25]} {[%emt 00:00:06]} Kf5 {[%clk 00:06:17]} {[%emt 00:00:14]} 66. Bd4
{[%clk 00:32:25]} {[%emt 00:04:31]} Ke4 {[%clk 00:05:10]} {[%emt 00:01:35]} 67.
Bf6 {[%clk 00:32:16]} {[%emt 00:00:39]} Kf3 {[%clk 00:05:31]} {[%emt 00:00:09]}
68. Kc6 {[%clk 00:30:02]} {[%emt 00:02:45]} Kg3 {[%clk 00:04:31]} {[%emt
00:01:30]} 69. h4 {[%clk 00:30:10]} {[%emt 00:00:21]} Kg4 {[%clk 00:04:13]}
{[%emt 00:00:48]} 70. Kd6 {[%clk 00:29:11]} {[%emt 00:01:29]} Be1 {[%clk
00:04:11]} {[%emt 00:00:32]} 71. Kd5 {[%clk 00:27:57]} {[%emt 00:01:45]} Bxh4
{[%clk 00:04:33]} {[%emt 00:00:08]} 72. Bd4 {[%clk 00:28:19]} {[%emt 00:00:07]}
f5 {[%clk 00:04:25]} {[%emt 00:00:38]} 73. Bg1 {[%clk 00:28:28]} {[%emt
00:00:21]} Bg3 {[%clk 00:04:44]} {[%emt 00:00:11]} 74. Kd4 {[%clk 00:28:10]}
{[%emt 00:00:49]} h4 {[%clk 00:05:01]} {[%emt 00:00:12]} 75. Ke3 {[%clk
00:28:20]} {[%emt 00:00:20]} h3 {[%clk 00:05:23]} {[%emt 00:00:08]} 76. Ke2
{[%clk 00:28:34]} {[%emt 00:00:17]} h2 {[%clk 00:05:48]} {[%emt 00:00:05]} 0-1